Resumen cronológico de leyes, decretos y resoluciones referentes a materia minera y a asuntos que se relacionan con las funciones de la Dirección general, (Record no. 25886)

MARC details
000 -LEADER
fixed length control field 01315cam a22002771 4500
001 - CONTROL NUMBER
control field gs 18000406
003 - CONTROL NUMBER IDENTIFIER
control field DLC
005 - DATE AND TIME OF LATEST TRANSACTION
control field 20260227111323.0
008 - FIXED-LENGTH DATA ELEMENTS--GENERAL INFORMATION
fixed length control field 920519s1918 ag 000 0 spa c
010 ## - LIBRARY OF CONGRESS CONTROL NUMBER
LC control number gs 18000406
035 ## - SYSTEM CONTROL NUMBER
System control number (OCoLC)25841152
040 ## - CATALOGING SOURCE
Original cataloging agency Library, U.S. Geological Survey
Transcribing agency CSt
Modifying agency CSt
-- DLC
042 ## - AUTHENTICATION CODE
Authentication code premarc
043 ## - GEOGRAPHIC AREA CODE
Geographic area code s-ag---
050 00 - LIBRARY OF CONGRESS CALL NUMBER
Classification number TN36
Item number .A55 no. 10
051 ## - LIBRARY OF CONGRESS COPY, ISSUE, OFFPRINT STATEMENT
Classification number KHA3929
Item number .M668 1918
100 1# - MAIN ENTRY--PERSONAL NAME
Personal name Montes de Oca, Juan R.
245 10 - TITLE STATEMENT
Title Resumen cronológico de leyes, decretos y resoluciones referentes a materia minera y a asuntos que se relacionan con las funciones de la Dirección general,
Statement of responsibility, etc. por Juan R. Montes de Oca ... Antecedentes legislativos y organización del Ramo de minas en la República, por el Ing. Carlos E. Velarde ...
260 ## - PUBLICATION, DISTRIBUTION, ETC.
Place of publication, distribution, etc. Buenos Aires,
Name of publisher, distributor, etc. Talleres gráficos del Ministerio de agricultura de la nación,
Date of publication, distribution, etc. 1918.
300 ## - PHYSICAL DESCRIPTION
Extent 98 p., 1 l.
Dimensions 27 cm.
490 0# - SERIES STATEMENT
Series statement Argentine Republic. Dirección general de minas, geología e hidrología. Boletín
Volume/sequential designation no. 10. Serie A (Minas)
650 #0 - SUBJECT ADDED ENTRY--TOPICAL TERM
Topical term or geographic name entry element Mining law
Geographic subdivision Argentina.
610 10 - SUBJECT ADDED ENTRY--CORPORATE NAME
Corporate name or jurisdiction name as entry element Argentina.
Subordinate unit Dirección General de Minas y Geología.
650 #0 - SUBJECT ADDED ENTRY--TOPICAL TERM
Topical term or geographic name entry element Mines and mineral resources
Geographic subdivision Argentina.
700 12 - ADDED ENTRY--PERSONAL NAME
Personal name Velarde, Carlos E.
Title of a work Antecedentes legislativos y organización del Ramo de minas en la República.

No items available.

Powered by Koha